| 000 | 00770nam a2200193 i 4500 | ||
|---|---|---|---|
| 001 | 47124 | ||
| 003 | ES-MaACL | ||
| 005 | 20250827095307.0 | ||
| 007 | t| | ||
| 008 | 030403s1945 sp ||||1| spa d | ||
| 245 | 0 | 0 |
_aContribución sobre las utilidades de la riqueza mobiliaria con todas las modificaciones introducidas por la Ley de Reforma Tributaria / _canotadas por la redacción de la Revista de los Tribunales. |
| 260 |
_aMadrid : _bGóngora, _c[1945] |
||
| 300 |
_a462 p. ; _c15 cm. |
||
| 490 | 1 | _aBiblioteca de bolsillo. Códigos y leyes anotados | |
| 710 | 2 |
_aRevista de los Tribunales (Madrid) _96444 |
|
| 830 | 0 | 0 |
_aBiblioteca de bolsillo. _pCódigos y leyes anotados _9182122 |
| 852 |
_aES-MaACL _jB-10309 _bR.21812 |
||
| 999 |
_c47124 _d47124 |
||